[Event "13th EICC"]
[Site "Plovdiv BUL"]
[Date "2012.03.21"]
[Round "2.157"]
[White "Khelaia, Giorgi"]
[Black "Abdulov, Orkhan"]
[Result "0-1"]
[BlackTitle "IM"]
[WhiteElo "2080"]
[BlackElo "2387"]
[WhiteFideId "13604600"]
[BlackFideId "13402714"]
[EventDate "2012.03.20"]
[EventType "swiss"]

1. c4 e5 2. Nc3 Nf6 3. Nf3 Nc6 4. a3 d5 5. cxd5 Nxd5 6. Qc2 Be7 7. e3 a6 8. Nxd5
Qxd5 9. Bc4 Qd6 10. b4 O-O 11. Bb2 Bf6 12. Bd3 g6 13. h4 h5 14. Ng5 Qe7 15.
O-O-O Bg7 16. f3 Nd8 17. g4 hxg4 18. fxg4 Bxg4 19. Rde1 Ne6 20. Reg1 Bh5 21. Qc4
b5 22. Qe4 Rad8 23. Bc2 f5 24. Qg2 Nxg5 25. hxg5 e4 26. Bb3+ Kh8 27. Rh4 Bxb2+
28. Kxb2 Qe5+ 29. Ka2 Kg7 30. Rc1 Rd7 31. Rc2 Rfd8 32. Qh2 Qxh2 33. Rxh2 Kf8 34.
Rf2 Ke7 35. Rb2 Rd3 36. Rc2 R8d7 37. Rh2 Kd6 38. Kb2 Ke7 39. Ka2 Bd1 40. Rh7+
Kd6 41. Rxd7+ Kxd7 42. Rb2 Bxb3+ 43. Rxb3 Rxd2+ 44. Kb1 Kd6 45. a4 Rd3 0-1

[Event "13th EICC"]
[Site "Plovdiv BUL"]
[Date "2012.03.21"]
[Round "2.158"]
[White "Petrisor, Adrian-Marian"]
[Black "Safronov, Kirill"]
[Result "1-0"]
[WhiteTitle "FM"]
[WhiteElo "2383"]
[BlackElo "2017"]
[WhiteFideId "1213741"]
[BlackFideId "24141976"]
[EventDate "2012.03.20"]
[EventType "swiss"]

1. d4 d5 2. c4 dxc4 3. e3 e5 4. Bxc4 Nc6 5. Nf3 e4 6. Nfd2 Qg5 7. g3 Bf5 8. Qb3
O-O-O 9. Bxf7 Nb4 10. Bc4 Nh6 11. a3 Nc6 12. Bd5 Na5 13. Qb5 c6 14. Be6+ Kb8 15.
Qxa5 Be7 16. Bxf5 Rd5 17. Qa4 Qxf5 18. Nc3 Rf8 19. Ndxe4 Ng4 20. f4 Ra5 21. Qc2
Bb4 22. O-O Nf6 23. Qg2 Bxc3 24. Nxc3 h5 25. h3 Rg8 26. e4 Qd7 27. Be3 Nh7 28.
e5 Qf5 29. g4 hxg4 30. hxg4 Qd3 1-0

[Event "13th EICC"]
[Site "Plovdiv BUL"]
[Date "2012.03.21"]
[Round "2.160"]
[White "Manea, Alexandru"]
[Black "Petrov, Vladimir Sergeev"]
[Result "1/2-1/2"]
[WhiteTitle "IM"]
[WhiteElo "2381"]
[BlackElo "1980"]
[WhiteFideId "1207660"]
[BlackFideId "2902940"]
[EventDate "2012.03.20"]
[EventType "swiss"]

1. d4 Nf6 2. c4 e6 3. Nc3 Bb4 4. Bg5 h6 5. Bh4 b6 6. Qc2 Bb7 7. f3 d5 8. a3 Be7
9. Bf2 O-O 10. cxd5 exd5 11. e3 c5 12. Nge2 Re8 13. O-O-O Nbd7 14. g4 Rc8 15. h4
b5 16. dxc5 Bxc5 17. g5 Nh5 18. Bh3 b4 19. axb4 Bxb4 20. Bg4 Ba6 21. Rxd5 Bxe2
22. Rxd7 Qa5 23. Rd2 Bb5 24. Rd4 Rcd8 25. Re1 Rxd4 26. exd4 Rxe1+ 27. Bxe1 Nf4
28. Qf5 Bxc3 29. bxc3 Qa2 30. Qc2 Qc4 31. Qe4 Qa2 32. Qc2 Qc4 1/2-1/2

[Event "13th EICC"]
[Site "Plovdiv BUL"]
[Date "2012.03.21"]
[Round "2.161"]
[White "Todorov, Yavor"]
[Black "Nestorovic, Lazar"]
[Result "0-1"]
[BlackTitle "IM"]
[WhiteElo "2029"]
[BlackElo "2374"]
[WhiteFideId "2911540"]
[BlackFideId "937517"]
[EventDate "2012.03.20"]
[EventType "swiss"]

1. d4 Nf6 2. c4 g6 3. Nc3 Bg7 4. e4 d6 5. f4 O-O 6. Nf3 Na6 7. Bd3 c5 8. d5 e6
9. dxe6 fxe6 10. O-O Qe7 11. a3 Nc7 12. Bd2 b6 13. Qc2 Nd7 14. Rae1 Bb7 15. Be3
a6 16. a4 Rae8 17. Qd2 e5 18. fxe5 Nxe5 19. Nxe5 Qxe5 20. Bf4 Qd4+ 21. Be3 Bh6
22. Rxf8+ Rxf8 23. Nd5 Bxd5 24. exd5 Bxe3+ 25. Qxe3 Re8 26. Qxd4 Rxe1+ 27. Kf2
cxd4 28. Kxe1 a5 29. g4 g5 30. Kf2 Na6 31. Kf3 Nc5 32. Bc2 h6 33. b3 Kf7 34. Bd1
Kf6 35. Bc2 Ke5 36. Bd1 Nd3 37. Be2 Nb2 38. Bf1 d3 39. Ke3 Nd1+ 40. Kxd3 Nf2+
41. Kc3 Nxg4 42. h3 Nf6 43. Bg2 Ne4+ 44. Kd3 Nf6 45. Kc3 h5 46. b4 g4 47. hxg4
hxg4 48. c5 axb4+ 49. Kxb4 dxc5+ 50. Kb5 Kd6 51. Kxb6 c4 52. a5 c3 53. a6 c2 54.
a7 c1=Q 55. a8=Q Nd7+ 56. Ka6 Qa3+ 57. Kb7 Qb4+ 58. Kc8 Nb6+ 0-1

[Event "13th EICC"]
[Site "Plovdiv BUL"]
[Date "2012.03.21"]
[Round "2.162"]
[White "Braun, Christian2"]
[Black "Porfireanu, Serban"]
[Result "1-0"]
[WhiteTitle "FM"]
[WhiteElo "2372"]
[BlackElo "1892"]
[WhiteFideId "4692098"]
[BlackFideId "1208632"]
[EventDate "2012.03.20"]
[EventType "swiss"]

1. e4 c5 2. Nf3 e6 3. d3 d6 4. g3 Nc6 5. Bg2 Nf6 6. O-O Be7 7. Re1 Qc7 8. c3 O-O
9. Nbd2 Bd7 10. a3 a5 11. a4 Rfe8 12. Nc4 e5 13. Bg5 Rab8 14. Ne3 Be6 15. Nd2 b5
16. axb5 Rxb5 17. Ndc4 Reb8 18. Qe2 Nd7 19. Bxe7 Nxe7 20. Ra3 f5 21. exf5 Nxf5
22. Bd5 Bxd5 23. Nxd5 Qd8 24. f4 Ne7 25. Qg4 Nxd5 26. Qe6+ Kh8 27. Nxd6 Qe7 28.
Qxd5 Nf6 29. Qxe5 Qxe5 30. fxe5 R5b6 31. exf6 Rxd6 32. f7 1-0

[Event "13th EICC"]
[Site "Plovdiv BUL"]
[Date "2012.03.21"]
[Round "2.163"]
[White "Levine, Yonatan"]
[Black "Filev, Georgi"]
[Result "0-1"]
[BlackTitle "FM"]
[WhiteElo "2016"]
[BlackElo "2372"]
[WhiteFideId "2802082"]
[BlackFideId "2907500"]
[EventDate "2012.03.20"]
[EventType "swiss"]

1. g3 c5 2. Bg2 Nc6 3. c4 g6 4. Nc3 Bg7 5. e3 e5 6. Nge2 Nge7 7. O-O O-O 8. d3
d6 9. b3 Be6 10. Bb2 d5 11. cxd5 Nxd5 12. a3 Rc8 13. Ne4 b6 14. N2c3 Nxc3 15.
Nxc3 Qd7 16. Qc2 Rfd8 17. Bxc6 Rxc6 18. Rfd1 Bg4 19. Rd2 Bf3 20. Qb1 g5 21. Qf1
Rh6 22. e4 Qe6 23. Nd5 Rd6 0-1

[Event "13th EICC"]
[Site "Plovdiv BUL"]
[Date "2012.03.21"]
[Round "2.164"]
[White "Erturan, Yakup"]
[Black "Meyes, Richard"]
[Result "1-0"]
[WhiteTitle "IM"]
[WhiteElo "2370"]
[BlackElo "1786"]
[WhiteFideId "6301410"]
[BlackFideId "12932833"]
[EventDate "2012.03.20"]
[EventType "swiss"]

1. e4 c5 2. Nf3 d6 3. d4 cxd4 4. Qxd4 a6 5. c4 Nc6 6. Qe3 g6 7. h3 Bg7 8. Be2
Nf6 9. O-O O-O 10. Nc3 Rb8 11. Bd2 Nd7 12. Qf4 Nc5 13. Qh4 f6 14. Be3 Be6 15.
Nd4 Bf7 16. Rfd1 Nxd4 17. Bxd4 Qe8 18. f4 b5 19. cxb5 axb5 20. Bf3 Na6 21. Be3
Nc7 22. Qf2 b4 23. Ne2 Nb5 24. Nd4 Nxd4 25. Bxd4 Qb5 26. b3 Rfd8 27. Rac1 Be6
28. Rc7 Kf8 29. Be2 Qe8 30. f5 Bd7 31. Ba6 Bb5 32. Bb7 Rd7 33. Rxd7 Qxd7 34. Bd5
Bc6 35. Be6 Qb7 36. Qh4 h6 37. Qg4 g5 38. Rc1 Be8 39. Qe2 Bc6 40. Qh5 Be8 41.
Qe2 Bb5 42. Qc2 Bd7 43. Bd5 Qb5 44. Qd1 Be8 45. Rc7 Bf7 46. Bc6 Qa5 47. Ra7 Qd8
48. Bf2 Be8 49. Bb7 Qc7 50. Bd5 Qc3 51. Kh2 Bf7 52. Bxf7 Kxf7 53. Qxd6 Qe5+ 54.
Bg3 Qxd6 55. Bxd6 1-0

[Event "13th EICC"]
[Site "Plovdiv BUL"]
[Date "2012.03.21"]
[Round "2.165"]
[White "Slavov, Hristo"]
[Black "Nenezic, Marko"]
[Result "0-1"]
[WhiteElo "1812"]
[BlackElo "2370"]
[WhiteFideId "2911345"]
[BlackFideId "912123"]
[EventDate "2012.03.20"]
[EventType "swiss"]

1. e4 c5 2. Nf3 d6 3. c3 Nf6 4. Bd3 Nc6 5. Bc2 g6 6. O-O Bg7 7. Re1 O-O 8. h3 b6
9. d3 Bb7 10. Nbd2 Rc8 11. Nf1 e5 12. Bg5 h6 13. Bh4 Qd7 14. Bxf6 Bxf6 15. Ne3
Bg7 16. Bb3 Ne7 17. c4 f5 18. Nd5 Nxd5 19. cxd5 Rc7 20. Rc1 Kh7 21. Nh4 Qe7 22.
g3 f4 23. Qg4 Qf6 24. Kh2 Bc8 25. Qe2 Rcf7 26. Rc2 h5 27. Qd1 Bh6 28. Rg1 f3 29.
Ba4 Bg5 30. a3 Bxh4 31. gxh4 Qxh4 32. Rg3 Qf4 33. Qc1 Ba6 34. Qd2 h4 35. Qxf4
Rxf4 36. Rg1 Bxd3 37. Rcc1 Rxe4 38. Rg4 Rxg4 39. hxg4 Rf4 40. Bd7 Rd4 41. Be6 g5
42. Rc3 Kg7 43. b4 e4 44. bxc5 dxc5 45. Kg1 Kf6 46. Bf5 Rxd5 47. a4 e3 48. fxe3
Bxf5 49. gxf5 Rxf5 50. Kf2 g4 51. e4 g3+ 0-1

[Event "13th EICC"]
[Site "Plovdiv BUL"]
[Date "2012.03.21"]
[Round "2.166"]
[White "Balla, Tamas-Kristof"]
[Black "Katsarov, Hristo"]
[Result "1-0"]
[WhiteTitle "FM"]
[WhiteElo "2369"]
[BlackElo "1495"]
[WhiteFideId "1208497"]
[BlackFideId "2913003"]
[EventDate "2012.03.20"]
[EventType "swiss"]

1. b3 d5 2. Bb2 c5 3. e3 Nc6 4. Bb5 Bd7 5. f4 a6 6. Bxc6 Bxc6 7. Nf3 e6 8. O-O
Nf6 9. Ne5 Rc8 10. d3 Be7 11. Nd2 O-O 12. g4 Nd7 13. Nxc6 Rxc6 14. g5 f6 15.
gxf6 Bxf6 16. Bxf6 Rxf6 17. Qe2 Rg6+ 18. Kh1 Qf6 19. c4 d4 20. e4 b5 21. cxb5
axb5 22. a4 b4 23. Nc4 Qh4 24. a5 Ra6 25. e5 Rg4 26. Qf3 Rg6 27. Qb7 Rh6 28. Ra2 1-0

[Event "13th EICC"]
[Site "Plovdiv BUL"]
[Date "2012.03.22"]
[Round "3.9"]
[White "Kryvoruchko, Yuriy"]
[Black "Savchenko, Boris"]
[Result "0-1"]
[WhiteTitle "GM"]
[BlackTitle "GM"]
[WhiteElo "2666"]
[BlackElo "2580"]
[WhiteFideId "14109182"]
[BlackFideId "4147332"]
[EventDate "2012.03.20"]
[EventType "swiss"]

1. e4 c5 2. Nf3 d6 3. d4 cxd4 4. Nxd4 Nf6 5. Nc3 Nc6 6. f3 e5 7. Nb3 Be7 8. Be3
O-O 9. Qd2 a5 10. Bb5 Be6 11. Rd1 Na7 12. Bd3 Nc8 13. O-O Nb6 14. Qf2 Nfd7 15.
Rd2 Bh4 16. g3 Be7 17. Rfd1 a4 18. Nc1 Qc8 19. a3 Nc4 20. Bxc4 Bxc4 21. N1a2 f5
22. Nb4 Nf6 23. Qg2 h6 24. h3 Qe6 25. exf5 Qxf5 26. f4 exf4 27. Bxf4 d5 28.
Nbxd5 Bc5+ 29. Kh2 Nxd5 30. Rxd5 Bxd5 31. Rxd5 Qc8 32. Qe4 Bxa3 33. Nxa4 Re8 34.
Re5 Rxe5 35. Bxe5 Qc6 36. Qxc6 bxc6 37. Nb6 Re8 38. Nc4 Bxb2 39. Bxb2 Re2+ 40.
Kg1 Rxc2 41. Ne5 Rxb2 42. Nxc6 Kf7 43. Ne5+ Ke6 44. Nd3 Ra2 45. Nf2 g5 46. Kg2
h5 47. Kf3 Ra3+ 48. Kg2 Ke5 49. Kh2 Kd4 50. Kg2 Ke3 51. Nd1+ Ke2 52. Nf2 Ra2 0-1

[Event "13th EICC"]
[Site "Plovdiv BUL"]
[Date "2012.03.22"]
[Round "3.11"]
[White "Esen, Baris"]
[Black "Timofeev, Artyom"]
[Result "1/2-1/2"]
[WhiteTitle "GM"]
[BlackTitle "GM"]
[WhiteElo "2555"]
[BlackElo "2650"]
[WhiteFideId "6302114"]
[BlackFideId "4140419"]
[EventDate "2012.03.20"]
[EventType "swiss"]

1. d4 Nf6 2. c4 g6 3. Nf3 Bg7 4. g3 c6 5. Bg2 d5 6. Nbd2 O-O 7. O-O a5 8. b3 a4
9. Ba3 Re8 10. e3 Bf5 11. Qe2 Ne4 12. Rfc1 Nxd2 13. Qxd2 Be4 14. Qd1 Nd7 15. Bb2
Nc5 16. Ne1 Bxg2 17. Kxg2 a3 18. Bc3 Ne4 19. Rab1 Nxc3 20. Rxc3 c5 21. Nf3 Rc8
22. Rbc1 b6 23. Qd3 e6 24. cxd5 Qxd5 25. b4 Ra8 26. bxc5 bxc5 27. Rxa3 cxd4 28.
exd4 Rxa3 29. Qxa3 Bxd4 30. Qa4 Rd8 31. Qxd4 Qxd4 32. Nxd4 Rxd4 33. Rc8+ Kg7 34.
Ra8 g5 35. a4 g4 36. h3 h5 37. a5 Ra4 38. a6 Kf6 39. Rh8 Kg6 40. Rg8+ Kf5 41.
Rh8 gxh3+ 1/2-1/2

[Event "13th EICC"]
[Site "Plovdiv BUL"]
[Date "2012.03.22"]
[Round "3.13"]
[White "Radulski, Julian"]
[Black "Nyback, Tomi"]
[Result "1-0"]
[WhiteTitle "GM"]
[BlackTitle "GM"]
[WhiteElo "2552"]
[BlackElo "2636"]
[WhiteFideId "2901595"]
[BlackFideId "503142"]
[EventDate "2012.03.20"]
[EventType "swiss"]

1. e4 e5 2. Nf3 Nc6 3. d4 exd4 4. Nxd4 Bc5 5. Be3 Qf6 6. c3 Nge7 7. Bc4 O-O 8.
O-O b6 9. Nc2 Bb7 10. Nd2 Rad8 11. Bxc5 bxc5 12. f4 Na5 13. Be2 d5 14. e5 Qb6
15. Kh1 d4 16. cxd4 cxd4 17. Bd3 Ba6 18. Ne4 Bxd3 19. Qxd3 Nf5 20. Rae1 Qg6 21.
g4 Ne7 22. f5 Qc6 23. Nxd4 Qa4 24. b4 Qxb4 25. Nc2 Qb2 26. Qc3 Qxc3 27. Nxc3 Nd5
28. Nb5 Rfe8 29. Nxa7 c6 30. Nd4 Nb4 31. Re4 c5 32. Ndb5 Re7 33. a3 Nbc6 34.
Nxc6 Nxc6 35. Rfe1 Rd5 36. e6 fxe6 37. Rxe6 Rxe6 38. Rxe6 Nd4 39. Rd6 Rxd6 40.
Nxd6 Kf8 41. Kg2 Ke7 42. Nc4 Kf6 43. Kg3 h5 44. h3 hxg4 45. hxg4 Kg5 46. a4 Ne2+
47. Kf3 Nd4+ 48. Ke4 Kxg4 49. a5 Nb5 50. a6 Kg5 51. Ke5 Na7 52. Kd6 1-0

[Event "13th EICC"]
[Site "Plovdiv BUL"]
[Date "2012.03.22"]
[Round "3.18"]
[White "Kuzubov, Yuriy"]
[Black "Khmelniker, Ilya"]
[Result "1-0"]
[WhiteTitle "GM"]
[BlackTitle "GM"]
[WhiteElo "2615"]
[BlackElo "2523"]
[WhiteFideId "14112906"]
[BlackFideId "2805340"]
[EventDate "2012.03.20"]
[EventType "swiss"]

1. Nf3 Nf6 2. c4 g6 3. g3 Bg7 4. Bg2 c6 5. d3 d5 6. Qb3 O-O 7. O-O Na6 8. Nc3 d4
9. Na4 Nd7 10. e3 b5 11. cxb5 cxb5 12. Qxb5 Rb8 13. Qc4 Nb4 14. Nxd4 Qa5 15. Qb3
e5 16. Nc2 Nxd3 17. Qxd3 Qxa4 18. b3 e4 19. Qd2 Qa6 20. Ba3 Re8 21. Rad1 Ne5 22.
Bd6 Rd8 23. Bxb8 Rxd2 24. Rxd2 h6 25. Bxe5 Bxe5 26. Nb4 Qb7 27. Rc1 Bd7 28. Rc4
f5 29. Nc2 Bb5 30. Rc5 Bg7 31. Rd8+ Kh7 32. Nd4 Bd3 33. Ne6 Qb4 34. h4 Qb6 35.
Rc7 Qxe6 36. Rdd7 Qe5 37. Rxa7 Qa1+ 38. Kh2 Qb2 39. Rxg7+ Qxg7 40. Rxg7+ Kxg7
41. f3 1-0

[Event "13th EICC"]
[Site "Plovdiv BUL"]
[Date "2012.03.22"]
[Round "3.20"]
[White "Pancevski, Filip"]
[Black "Sjugirov, Sanan"]
[Result "0-1"]
[WhiteTitle "IM"]
[BlackTitle "GM"]
[WhiteElo "2470"]
[BlackElo "2610"]
[WhiteFideId "15002187"]
[BlackFideId "4189302"]
[EventDate "2012.03.20"]
[EventType "swiss"]

1. e4 c5 2. Nc3 d6 3. Nge2 Nf6 4. g3 g6 5. Bg2 Bg7 6. O-O O-O 7. h3 Nc6 8. d3
Rb8 9. g4 b5 10. Ng3 b4 11. Nce2 Nd7 12. f4 Ba6 13. a3 Qb6 14. axb4 c4+ 15. d4
e5 16. Be3 exd4 17. Bf2 Nxb4 18. Nxd4 Nc5 19. Nde2 Bxb2 20. Rb1 c3 21. f5 Bd3
22. Nxc3 Bxc2 23. Qd2 Bxc3 24. Qxc3 Bxb1 25. Rxb1 Nd5 26. Rxb6 Nxc3 27. Rxd6
Rbc8 28. e5 Rfe8 29. e6 fxe6 30. fxe6 Nxe6 31. Bc6 Rcd8 32. Rxd8 Rxd8 33. Bxa7
Rd6 34. Bg2 Rd1+ 35. Bf1 Ra1 36. Be3 Nd5 37. Bh6 g5 38. Kf2 Ra2+ 39. Kf3 Ra3+
40. Kf2 Ne3 41. Bb5 Nd1+ 42. Ke1 Rxg3 43. Bc4 Kf7 44. Kxd1 Kg6 0-1

[Event "13th EICC"]
[Site "Plovdiv BUL"]
[Date "2012.03.22"]
[Round "3.27"]
[White "Inarkiev, Ernesto"]
[Black "Ter-Sahakyan, Samvel"]
[Result "1-0"]
[WhiteTitle "GM"]
[BlackTitle "GM"]
[WhiteElo "2695"]
[BlackElo "2578"]
[WhiteFideId "4162722"]
[BlackFideId "13302531"]
[EventDate "2012.03.20"]
[EventType "swiss"]

1. e4 c5 2. Nf3 d6 3. d4 cxd4 4. Nxd4 Nf6 5. Nc3 a6 6. Be3 e5 7. Nb3 Be7 8. f3
Be6 9. Qd2 O-O 10. O-O-O a5 11. Qe1 Qc8 12. a4 Nc6 13. Kb1 Nb4 14. g4 Rd8 15.
Bb6 Rf8 16. Bxa5 Bxb3 17. Bxb4 Bxa4 18. Nxa4 Rxa4 19. Bb5 Ra7 20. Qe3 Qa8 21. c3
Ne8 22. Bc4 Nf6 23. Kc2 Rc8 24. Bb5 Ne8 25. Qb6 Bd8 26. Qg1 Ba5 27. Bxa5 Rxa5
28. Qb6 Ra2 29. Rd3 Nc7 30. Bc4 Ra4 31. Qb3 Rf8 32. Rxd6 b5 33. Bxf7+ Kh8 34.
Rhd1 Ra1 35. Rxa1 Qxa1 36. Qa3 Qxa3 37. bxa3 g6 38. Rd7 Na6 39. g5 1-0

[Event "13th EICC"]
[Site "Plovdiv BUL"]
[Date "2012.03.22"]
[Round "3.29"]
[White "Andreikin, Dmitry"]
[Black "Maze, Sebastien"]
[Result "1-0"]
[WhiteTitle "GM"]
[BlackTitle "GM"]
[WhiteElo "2689"]
[BlackElo "2577"]
[WhiteFideId "4158814"]
[BlackFideId "613762"]
[EventDate "2012.03.20"]
[EventType "swiss"]

1. c4 Nf6 2. d4 g6 3. Nc3 d5 4. Bg5 Ne4 5. Bh4 Nxc3 6. bxc3 Bg7 7. e3 c5 8. Nf3
Nc6 9. Be2 O-O 10. O-O dxc4 11. Bxc4 Bf5 12. Re1 Rc8 13. Rc1 a6 14. d5 Na5 15.
Bf1 Be4 16. c4 Bxf3 17. Qxf3 Qd6 18. Rb1 e5 19. e4 b6 20. Bg5 Rb8 21. Qa3 Bf6
22. Bd2 Rfc8 23. Rb2 Bd8 24. f4 Bc7 25. f5 Qe7 26. Qh3 Nb7 27. Rb3 Nd6 28. Rg3
Bd8 29. fxg6 fxg6 30. Be2 Rc7 31. Rf1 Nxe4 32. Bh6 1-0

[Event "13th EICC"]
[Site "Plovdiv BUL"]
[Date "2012.03.22"]
[Round "3.30"]
[White "Grigoriants, Sergey"]
[Black "Areshchenko, Alexander"]
[Result "1/2-1/2"]
[WhiteTitle "GM"]
[BlackTitle "GM"]
[WhiteElo "2561"]
[BlackElo "2688"]
[WhiteFideId "4130804"]
[BlackFideId "14109530"]
[EventDate "2012.03.20"]
[EventType "swiss"]

1. e4 c5 2. Nf3 d6 3. d4 cxd4 4. Nxd4 Nf6 5. f3 e5 6. Nb3 Be6 7. c4 a5 8. Be3 a4
9. N3d2 Be7 10. Nc3 Qa5 11. Rc1 O-O 12. Bd3 Bd8 13. Nf1 a3 14. b3 Nc6 15. Qd2
Nb4 16. Bb1 Nd7 17. Ng3 Bb6 18. O-O Bxe3+ 19. Qxe3 Qc5 20. Qf2 Rfc8 21. Rfd1 Rc6
22. Rd2 Kf8 23. Rcd1 Ke7 24. Nf1 Qxf2+ 25. Kxf2 Nc5 26. Ne3 g6 27. Nb5 Raa6 28.
Nc3 Ra5 29. Nb5 Raa6 30. Nc3 Ra5 31. Nb5 1/2-1/2

[Event "13th EICC"]
[Site "Plovdiv BUL"]
[Date "2012.03.22"]
[Round "3.32"]
[White "Berkes, Ferenc"]
[Black "Rapport, Richard"]
[Result "1-0"]
[WhiteTitle "GM"]
[BlackTitle "GM"]
[WhiteElo "2682"]
[BlackElo "2559"]
[WhiteFideId "718572"]
[BlackFideId "738590"]
[EventDate "2012.03.20"]
[EventType "swiss"]

1. d4 Nf6 2. c4 c5 3. d5 e6 4. Nc3 exd5 5. cxd5 d6 6. Nf3 g6 7. Nd2 Bg7 8. e4
O-O 9. Be2 Nbd7 10. O-O Re8 11. Re1 a6 12. a4 Ne5 13. h3 g5 14. Nf1 h6 15. Ng3
g4 16. h4 Nh7 17. a5 Qxh4 18. Na4 h5 19. Nb6 Rb8 20. Ra3 Rf8 21. Qd2 Kh8 22. Qf4
Ng6 23. Qxd6 Be5 24. Qxc5 f5 25. Nc4 Bg7 26. Qd6 f4 27. e5 fxg3 28. fxg3 Qe7 29.
Qxb8 Nxe5 30. Re3 Be6 31. Nxe5 1-0

[Event "13th EICC"]
[Site "Plovdiv BUL"]
[Date "2012.03.22"]
[Round "3.34"]
[White "Georgiev, Kiril"]
[Black "Prohaszka, Peter2"]
[Result "1/2-1/2"]
[WhiteTitle "GM"]
[BlackTitle "GM"]
[WhiteElo "2671"]
[BlackElo "2553"]
[WhiteFideId "2900017"]
[BlackFideId "726265"]
[EventDate "2012.03.20"]
[EventType "swiss"]

1. d4 d5 2. c4 c6 3. Nf3 Nf6 4. Nc3 dxc4 5. a4 Bf5 6. e3 e6 7. Bxc4 Bb4 8. O-O
Nbd7 9. Qe2 Bg4 10. h3 Bxf3 11. Qxf3 O-O 12. Rd1 e5 13. d5 Bxc3 14. dxc6 e4 15.
Qe2 Be5 16. cxd7 Qe7 17. Bd2 Rfd8 18. Ba5 Rxd7 19. Rac1 Rxd1+ 20. Rxd1 Bc7 21.
Bc3 Be5 22. Be1 h5 23. b3 Bd6 24. Bc3 Be5 25. Be1 Bd6 26. Bc3 Be5 27. Bxe5 Qxe5
28. Qd2 Rc8 29. Qb4 b6 30. Rd4 h4 31. Qd2 g5 32. Qd1 Kg7 33. Rd6 Kf8 34. Qd4
Qxd4 35. Rxd4 Ke7 36. f3 Rc7 37. Kf2 a5 38. Ke2 Rd7 39. Bb5 Rxd4 40. exd4 exf3+
41. Kxf3 Kd6 42. Bc4 Ke7 43. Bb5 Kd6 44. Bc4 1/2-1/2

[Event "13th EICC"]
[Site "Plovdiv BUL"]
[Date "2012.03.22"]
[Round "3.35"]
[White "Jankovic, Alojzije"]
[Black "Kobalia, Mikhail"]
[Result "0-1"]
[WhiteTitle "GM"]
[BlackTitle "GM"]
[WhiteElo "2553"]
[BlackElo "2666"]
[WhiteFideId "14505959"]
[BlackFideId "4119150"]
[EventDate "2012.03.20"]
[EventType "swiss"]

1. d4 d5 2. c4 c6 3. Nf3 Nf6 4. Nc3 dxc4 5. a4 e6 6. e3 c5 7. Bxc4 Nc6 8. O-O
cxd4 9. exd4 Be7 10. Qe2 O-O 11. Be3 b6 12. Rad1 Nb4 13. Ne5 Nfd5 14. Bc1 Bb7
15. f4 Nxc3 16. bxc3 Nd5 17. Rf3 Rc8 18. Rh3 g6 19. Bxd5 Qxd5 20. c4 Qd8 21. d5
exd5 22. cxd5 Rxc1 23. Rxc1 Qxd5 24. Rd3 Qe6 25. Qd2 Bc5+ 26. Kh1 Be4 27. Rd7 f6
28. Nf3 Qc6 29. Rxa7 Bxf3 30. gxf3 Qxf3+ 31. Qg2 Qxf4 32. Rf1 Qc4 33. Rd1 b5 34.
Rc7 bxa4 35. Qb7 Re8 36. Qc6 Rf8 37. Qb7 Re8 38. Qc6 Rf8 39. Re1 Qb4 40. Qe6+
Kh8 41. Rc1 Bd6 42. R7c6 Be5 43. Qd5 Kg7 44. R6c4 Qb3 45. Kg2 Rf7 46. R1c2 a3
47. Qa8 Qb7+ 48. Qxb7 Rxb7 49. Ra4 Rb2 50. Rxb2 axb2 51. Ra7+ Kh6 52. Rb7 Kg5
53. Kf3 Kf5 54. h4 h5 0-1

[Event "13th EICC"]
[Site "Plovdiv BUL"]
[Date "2012.03.22"]
[Round "3.36"]
[White "Balogh, Csaba"]
[Black "Szabo, Gergely-Andras-Gyula"]
[Result "1/2-1/2"]
[WhiteTitle "GM"]
[BlackTitle "GM"]
[WhiteElo "2664"]
[BlackElo "2553"]
[WhiteFideId "718939"]
[BlackFideId "1205064"]
[EventDate "2012.03.20"]
[EventType "swiss"]

1. e4 e5 2. Nf3 Nf6 3. Nxe5 d6 4. Nf3 Nxe4 5. Nc3 Nxc3 6. dxc3 Be7 7. Be3 Nc6 8.
Qd2 Bg4 9. Be2 Qd7 10. O-O-O O-O-O 11. h3 Be6 12. Ng5 Bxg5 13. Bxg5 f6 14. Be3
Kb8 15. c4 d5 16. cxd5 Qxd5 17. Qxd5 Bxd5 18. Rhg1 Be4 19. a3 Rxd1+ 20. Bxd1 Rd8
21. f3 Bg6 22. g4 b6 23. h4 Bf7 24. Bd2 Nd4 25. Re1 Kc8 26. b3 c5 27. Bc3 Kc7
28. f4 Rd7 29. g5 f5 30. h5 a5 31. Re5 g6 32. hxg6 hxg6 33. Re3 Bd5 34. Rh3 Be4
35. Rh6 Rd6 36. a4 Kc6 37. Bxd4 cxd4 38. Be2 Kc5 39. Kd2 Bc6 40. Rh8 Re6 41. Rc8
Kd6 42. Rd8+ Kc5 43. Rc8 Kd6 44. Rd8+ Kc5 45. Bd3 Bd5 46. Rc8+ Kd6 47. Rd8+ Kc5
48. Rc8+ Kd6 49. Rg8 Kc5 50. Rg7 Bc6 51. Bc4 Bd5 52. Bd3 Bc6 53. Bc4 Bd5 54. Bd3 1/2-1/2

[Event "13th EICC"]
[Site "Plovdiv BUL"]
[Date "2012.03.22"]
[Round "3.37"]
[White "Steingrimsson, Hedinn"]
[Black "Cheparinov, Ivan"]
[Result "0-1"]
[WhiteTitle "GM"]
[BlackTitle "GM"]
[WhiteElo "2556"]
[BlackElo "2664"]
[WhiteFideId "2300117"]
[BlackFideId "2905540"]
[EventDate "2012.03.20"]
[EventType "swiss"]

1. g3 g6 2. Bg2 Bg7 3. e4 c5 4. Ne2 Nc6 5. O-O d6 6. c4 a6 7. Nbc3 Rb8 8. a4 e6
9. d3 Nge7 10. Rb1 O-O 11. Be3 Qb6 12. Na2 Qa5 13. Bd2 Qc7 14. b4 b6 15. Qb3 Bb7
16. b5 axb5 17. axb5 Nd4 18. Nxd4 Bxd4 19. Nc3 Ra8 20. Bh6 Rfe8 21. Ra1 Qd7 22.
Ra4 Rxa4 23. Nxa4 Qc7 24. Re1 Ra8 25. Re2 Qd8 26. h4 Nc8 27. Kh2 Qf6 28. Bg5 Qg7
29. Bd8 Qf8 30. Bg5 h6 31. Bc1 Qg7 32. Be3 Bxe3 33. Rxe3 Qa1 34. Nb2 Qb1 35. Re2
Ra1 36. Rd2 Qg1+ 37. Kh3 g5 38. f3 Rb1 39. hxg5 hxg5 40. Qc2 Rc1 41. Qa4 f5 42.
Nd1 Qe1 43. Qa2 Rxd1 44. Qb2 g4+ 45. Kh4 e5 46. Re2 Rb1 47. Qc2 Qd1 48. Qxd1
Rxd1 49. fxg4 fxe4 50. Bxe4 Bxe4 51. dxe4 Kf7 52. Rf2+ Kg7 53. Ra2 Kg6 54. g5
Re1 55. Ra8 Rxe4+ 56. g4 Ne7 57. Re8 Nf5+ 58. Kh3 Ng7 59. Rd8 Rd4 60. Kh4 Nf5+
61. Kh3 Rd3+ 62. Kh2 Ne3 63. Kh3 Nxc4+ 64. Kh4 Rd1 65. Rg8+ Kf7 66. Ra8 e4 0-1